000 00613nam a22002297a 4500
003 UA-OsUOA
001 53346
007 ta
008 20080331b un ||||| |||| 00| 0 ukr d
090 _a314
_bД31
942 _cBK
040 _aUA-OsUOA
_bukr
_cUA-OsUOA
_dUA-OsUOA
245 _aДемографічні дослідження
_bЗбірник наукових праць
300 _a301 с.
955 _a2
041 _aukr
080 _a314
260 _aК.
_c2003
250 _nВипуск 25
650 7 _a314 Демографія. Вивчення населення
_2UDC
999 _c339430
_d339430